El medio ambiente en Europa : (Record no. 109275)

MARC details
000 -LEADER
campo de control de longitud fija 00728nam a2200265Mi 4500
001 - NÚMERO DE CONTROL
campo de control 84796
005 - FECHA Y HORA DE LA ÚLTIMA TRANSACCIÓN
campo de control 20230411085921.0
008 - DATOS DE LONGITUD FIJA--INFORMACIÓN GENERAL
campo de control de longitud fija 091102s2009 sp a 000 0 spa d
035 ## - NÚMERO DE CONTROL DEL SISTEMA
Número de control de sistema (OCoLC)ocn464746013
040 ## - FUENTE DE CATALOGACIÓN
Centro catalogador/agencia de origen C3L
Centro/agencia transcriptor C3L
020 ## - NÚMERO INTERNACIONAL ESTÁNDAR DEL LIBRO
Número Internacional Estándar del Libro 9788449109140
020 ## - NÚMERO INTERNACIONAL ESTÁNDAR DEL LIBRO
Número Internacional Estándar del Libro 8449109140
029 0# - OTRO NÚMERO DE CONTROL DE SISTEMA (OCLC)
Identificador de la biblioteca OCLC C3L
Número de control de sistema 60682524
035 ## - NÚMERO DE CONTROL DEL SISTEMA
Número de control de sistema (OCoLC)464746013
043 ## - CÓDIGO DE ÁREA GEOGRÁFICA
Código de área geográfica e------
049 ## - FONDOS LOCALES (OCLC)
Biblioteca depositaria GRAL
050 14 - SIGNATURA TOPOGRÁFICA DE LA BIBLIOTECA DEL CONGRESO
Número de clasificación
245 03 - MENCIÓN DEL TÍTULO
Título El medio ambiente en Europa :
Resto del título cuarta evaluaciacion.
260 ## - PUBLICACIÓN, DISTRIBUCIÓN, ETC.
Lugar de publicación, distribución, etc. Madrid :
Nombre del editor, distribuidor, etc. Ministerio de agricultura, pesca y alimentacion,
Fecha de publicación, distribución, etc. 2009.
300 ## - DESCRIPCIÓN FÍSICA
Extensión 452 p. :
Otras características físicas col. ill. ;
Dimensiones 30 cm.
938 ## -
-- Casalini Libri
-- CASA
-- 60682524
-- 34.00 EUR
942 ## - ELEMENTOS DE ENTRADA SECUNDARIOS (KOHA)
Fuente del sistema de clasificación o colocación Clasificación de Library of Congress
Tipo de ítem Koha
946 ## - PROCESAMIENTO DE INFORMACIÓN LOCAL (OCLC)
a rpeña
994 ## -
-- C0
-- DRFGD
Holdings
Estatus retirado Estado de pérdida Fuente del sistema de clasificación o colocación Estado de daño No para préstamo Colección Biblioteca de origen Biblioteca actual Ubicación en estantería Fecha de adquisición Código de barras Visto por última vez Copia número Tipo de ítem Koha
    Clasificación de Library of Congress     Automatización y Procesos Técnicos Biblioteca Juan Bosch Biblioteca Juan Bosch Automatización y Procesos Técnicos (1er. Piso) 11/04/2023 00000076336 17/02/2019 1